| 000 | 00466nam a2200193Ia 4500 | ||
|---|---|---|---|
| 005 | 20240823035636.0 | ||
| 008 | 240823s9999||||xx |||||||||||||| ||und|| | ||
| 020 | _a978-81-7436-618-4 | ||
| 041 | _aENGLISH | ||
| 082 | _A910.41 P8 | ||
| 100 | _aAdi B Hakim et al. | ||
| 245 | 0 | _aWith Cyclists Around the world | |
| 250 | _a1st | ||
| 260 |
_c2008 _b"Roli Books,New " _aNew Delhi |
||
| 500 | _aYES | ||
| 650 |
_aNovel _bEnglish |
||
| 942 | _cBK | ||
| 999 |
_c201176 _d201176 |
||